000 00795nam a2200205Ii 4500
003 JO-AjNU
008 230605s9999||||xx |||||||||||||| ||und||
040 _aJO-AjNU
_bara
_erda
_cJO-AjNU
041 _aara
050 1 4 _aPJ7642.Z3 2000
100 3 _aتأليف الزوزني، الحسين بن أحمد,
_eauthor
_912056
245 0 0 _aشرح المعلقات السبع لأبي عبدالله الحسين بن أحمد الزوزني ت 486هـ - 1093م
250 _aط1
264 3 1 _aالعين:دار الكتاب الجامعي،2000
300 _a223ص
336 _atext
_btxt
_2rdacontent
337 _aunmediated
_bn
_2rdamedia
338 _avolume
_bnc
_2rdacarrier
650 4 _aالشعر العربي - تاريخ ونقد - العصر الجاهلي - المعلقات
_912057
999 _aA2643
_c6211
_d6211